<?xml version="1.0" encoding="UTF-8"?>
<record
    xmlns:xsi="http://www.w3.org/2001/XMLSchema-instance"
    xsi:schemaLocation="http://www.loc.gov/MARC21/slim http://www.loc.gov/standards/marcxml/schema/MARC21slim.xsd"
    xmlns="http://www.loc.gov/MARC21/slim">

  <leader>00559nam a22001577a 4500</leader>
  <controlfield tag="003">OSt</controlfield>
  <controlfield tag="005">20150910100815.0</controlfield>
  <controlfield tag="008">150910b        xxu||||| |||| 00| 0 eng d</controlfield>
  <datafield tag="040" ind1=" " ind2=" ">
    <subfield code="c">RUA</subfield>
  </datafield>
  <datafield tag="082" ind1=" " ind2=" ">
    <subfield code="a">AGR &#x179F;&#x17CA;&#x17BB;&#x1793; 1994 B009 Or.1</subfield>
  </datafield>
  <datafield tag="100" ind1=" " ind2=" ">
    <subfield code="9">205</subfield>
    <subfield code="a">&#x179F;&#x17CA;&#x17BB;&#x1793; &#x179F;&#x17BB;&#x1797;&#x1780;&#x17D2;&#x178A;&#x17B7;</subfield>
  </datafield>
  <datafield tag="245" ind1=" " ind2=" ">
    <subfield code="a">&#x1798;&#x17BC;&#x179B;&#x178A;&#x17D2;&#x178B;&#x17B6;&#x1793;&#x1782;&#x17D2;&#x179A;&#x17B9;&#x17C7;&#x179F;&#x17D2;&#x179A;&#x17B6;&#x179C;&#x1787;&#x17D2;&#x179A;&#x17B6;&#x179C;&#x1794;&#x17D2;&#x179A;&#x1796;&#x17D0;&#x1793;&#x17D2;&#x1792;&#x1780;&#x179F;&#x17B7;&#x1780;&#x1798;&#x17D2;&#x1798;&#x178A;&#x17C6;&#x178E;&#x17B6;&#x17C6;&#x179F;&#x17D2;&#x179A;&#x17BC;&#x179C;&#x1793;&#x17C5;&#x1780;&#x1798;&#x17D2;&#x1796;&#x17BB;&#x1787;&#x17B6;</subfield>
  </datafield>
  <datafield tag="260" ind1=" " ind2=" ">
    <subfield code="a">Phnom Penh </subfield>
    <subfield code="b">RUA</subfield>
    <subfield code="c">1994</subfield>
  </datafield>
  <datafield tag="300" ind1=" " ind2=" ">
    <subfield code="a">98p.</subfield>
    <subfield code="b">ill.</subfield>
    <subfield code="c">29cm.</subfield>
  </datafield>
  <datafield tag="942" ind1=" " ind2=" ">
    <subfield code="2">ddc</subfield>
    <subfield code="c">AGR</subfield>
  </datafield>
  <datafield tag="999" ind1=" " ind2=" ">
    <subfield code="c">185</subfield>
    <subfield code="d">185</subfield>
  </datafield>
  <datafield tag="952" ind1=" " ind2=" ">
    <subfield code="0">0</subfield>
    <subfield code="1">0</subfield>
    <subfield code="2">ddc</subfield>
    <subfield code="4">0</subfield>
    <subfield code="6">AGR_&#x179F;&#x17BB;&#x1793;_1994_000000000000000_B009_OR_1</subfield>
    <subfield code="7">0</subfield>
    <subfield code="9">757</subfield>
    <subfield code="a">LBB</subfield>
    <subfield code="b">LBB</subfield>
    <subfield code="c">B009</subfield>
    <subfield code="d">2015-09-10</subfield>
    <subfield code="l">2</subfield>
    <subfield code="o">AGR &#x179F;&#x17CA;&#x17BB;&#x1793; 1994 B009 Or.1</subfield>
    <subfield code="p">RUA003070</subfield>
    <subfield code="r">2016-07-27</subfield>
    <subfield code="s">2016-07-08</subfield>
    <subfield code="w">2015-09-10</subfield>
    <subfield code="y">AGR</subfield>
  </datafield>
</record>
